[Event "IBCA Wch U20 blind 5th"]
[Site "Uppsala"]
[Date "2009.06.23"]
[Round "5"]
[White "Szurgot, Dominik"]
[Black "Sargazi, Seddigheh"]
[Result "0-1"]
[WhiteElo "2002"]
[BlackElo "1750"]
[PlyCount "72"]
[EventDate "2009.06.20"]
[EventType "swiss"]
[EventRounds "7"]
[EventCountry "SWE"]
[SourceTitle "EXT 2010"]
[Source "ChessBase"]
[SourceDate "2010.11.25"]
[SourceVersion "1"]
[SourceVersionDate "2010.11.25"]
[SourceQuality "1"]

1. e4 c6 2. c4 d5 3. exd5 cxd5 4. cxd5 Nf6 5. Qa4+ Bd7 6. Qb3 Qc7 7. Nc3 g6 8. Nf3 Bg7 9. Bc4 0-0 10. d3 h6 11. 0-0 a6 12. Qc2 b5 13. Bb3 Bc8 14. Ne4 Nxd5 15. Qxc7 Nxc7 16. Rb1 Be6 17. Bxe6 Nxe6 18. b3 Rd8 19. Rd1 Nc6 20. Be3 Nb4 21. Bc5 Nxc5 22. Nxc5 Nxa2 23. Re1 Rd5 24. d4 e6 25. Rbd1 a5 26. Ne5 Bxe5 27. Rxe5 Rxe5 28. dxe5 Rc8 29. Nd7 Rc3 30. Rb1 Nc1 31. b4 a4 32. g3 a3 33. Nc5 a2 34. Ra1 Rc2 35. Kf1 Rb2 36. Na6 Rb1 0-1